000 01309nam a2200229Ia 4500
003 Ost
005 20260507075651.0
008 260507s9999||||xx |||||||||||||| ||und||
020 _a5026169957
040 _cfsecg
041 _aara
082 _a346.56507
100 _aالزعارير، محمود مصطفى
_eمؤلف
245 0 _aسياسة التخاصية :
_bدراسة قانونية تطبيقية لخصخصة المشروعات العامة في الأردن ومصر /
_c محمود مصطفى الزعارير
260 _aعمان:
_bدار الثقافة للنشر والتوزيع,
_c2004
300 _a269 صفحة؛
_bإيضاحات ؛
_c24 سم
504 _aالمراجع ص.270
520 _aالتخاصية طبيعة ومفهوم، دوافع وأهداف، معوقات ومشاكل- التطور التاريخي للتخاصية ومقومات نجاحها- التنظيم التشريعي للتخاصية- الاساليب القانونية للتخاصية كوسيلة لإعادة هيكلة الشركات العامة المتعثرة- تجربة تطبيقية لتخاصية شركة عامة.
653 _aالخصخصة -قوانين و تشريعات- مصر
653 _aالخصخصة- قوانين وتشريعات- الأردن
942 _cكتاب
999 _c45602
_d45602